000 01195nam a22002297a 4500
999 _c58548
_d58548
003 Ge_BSU
005 20220601130955.0
008 220601s2012 ge ||||| |||| 00| 0 geo d
020 _a9789941046445
041 _ageo
080 _a340.12 ბ-97
100 _aბურჯალიანი, არსენ
_95432
245 _aსამართლის ფილოსოფია /
_cარსენ ბურჯალიანი ; რედ.: ირაკლი კალანდია, ალექსანდრე ალადაშვილი ; საქ. ფილოს. მეცნ. აკადემია.
264 _aთბილისი :
_bCarpe diem,
_c2012.
300 _a240 გვ. ;
_b21 სმ.
504 _aბიბლიოგრ. ტექსტის შენიშვნ.
653 _aსამართლის ფილოსოფია.
700 _aკალანდია, ირაკლი
_eრედაქტორი
_95803
700 _aალადაშვილი, ალექსანდრე
_eრედაქტორი
_9224
710 _aსაქ. ფილოს. მეცნ. აკად.
_913937
942 _2udc
_cBK